Sports Quiz

Random Sports Quiz

The MMA-Holes Chain Game Quiz Stats

 Plays Quiz not verified by Sporcle

Also try: Mitchell Report
Challenge
Share
Tweet
Embed
Score 0/25 Timer 03:00
1 Play Today
% Correct
???
100%
???
35.6%
???
30%
???
26%
???
19.1%
???
17.9%
???
17.7%
???
12.1%
???
11.6%
???
10.7%
???
10.7%
???
10.5%
???
8.8%
% Correct
???
8.6%
???
8.1%
???
5.1%
???
5.1%
???
5.1%
???
4.7%
???
4.4%
???
3.3%
???
3.3%
???
3.3%
???
3.3%
???
3.3%

You're not logged in!

Compare scores with friends on all Sporcle quizzes.
OR
Log In

You Might Also Like...

Show Comments

Extras

Created Jun 12, 2017ReportNominate
Tags:MMA, UFC, youtube

Top Quizzes Today


Score Distribution

Your Account Isn't Verified!

In order to create a playlist on Sporcle, you need to verify the email address you used during registration. Go to your Sporcle Settings to finish the process.

Report this User

Report this user for behavior that violates our Community Guidelines.

Details: